[Event "Gausdal Bygger'n Masters"]
[Site "Gausdal Høyfjellshotell"]
[Date "2005.10.01"]
[Round "1"]
[White "Thomassen, Thomas"]
[Black "Westerinen, Heikki"]
[Result "0-1"]
[WhiteElo "2077"]
[BlackElo "2410"]
[PlyCount "76"]
[EventDate "2005.10.??"]
[EventType "tourn"]
[SourceDate "2005.10.01"]

1. Nf3 Nf6 2. c4 g6 3. Nc3 Bg7 4. e4 d6 5. d4 Bg4 6. Be2 Nc6 7. Be3 O-O 8. O-O
Re8 9. d5 Bxf3 10. Bxf3 Ne5 11. Be2 e6 12. dxe6 Rxe6 13. f3 c6 14. Qb3 Qc7 15.
Rfd1 Ned7 16. Rac1 Ree8 17. Rd2 Nc5 18. Qc2 Ne6 19. Rcd1 Rad8 20. Qa4 b6 21.
Qa3 Bf8 22. Qb3 h5 23. Bf1 h4 24. Ne2 Nh5 25. g4 hxg3 26. hxg3 d5 27. cxd5 cxd5
28. Rxd5 Rxd5 29. Rxd5 Nxg3 30. Rd2 Nxe2+ 31. Rxe2 Qg3+ 32. Bg2 Bc5 33. Bxc5
Nf4 34. Rc2 Rd8 35. Bd6 Rxd6 36. Rc8+ Kg7 37. Qc3+ f6 38. Rc7+ Kh6 0-1

[Event "Gausdal Bygger'n Masters"]
[Site "Gausdal Høyfjellshotell"]
[Date "2005.10.01"]
[Round "1"]
[White "Hansen, Torbjørn R"]
[Black "Urkedal, Frode OO"]
[Result "0-1"]
[WhiteElo "2323"]
[BlackElo "2141"]
[PlyCount "108"]
[EventDate "2005.10.??"]
[EventType "tourn"]
[SourceDate "2005.10.01"]

1. c4 Nf6 2. Nc3 e6 3. e4 c5 4. e5 Ng8 5. Nf3 a6 6. d4 cxd4 7. Nxd4 Qc7 8. Be2
Qxe5 9. O-O Nf6 10. Re1 Nc6 11. Nf3 Qd6 12. Qc2 Be7 13. Bg5 O-O 14. Rad1 Qc7
15. Nd5 exd5 16. cxd5 h6 17. d6 Bxd6 18. Bxf6 gxf6 19. Qf5 Ne7 20. Qxf6 Bc5 21.
Qxh6 Qb6 22. Qg5+ Ng6 23. Qg3 Qf6 24. Bc4 Kg7 25. b4 Bxb4 26. Re4 d5 27. Bxd5
Bd6 28. Qg5 Qxg5 29. Nxg5 Bf4 30. Nxf7 Rxf7 31. Bxf7 Kxf7 32. h4 Bc7 33. Rc4
Be5 34. h5 Ne7 35. f4 Bg4 36. Rb1 b5 37. Rcc1 Bd4+ 38. Kh2 Rh8 39. Rc7 Bf2 40.
g3 Rxh5+ 41. Kg2 Bb6 42. Rb7 Ba5 43. Rc1 Be6 44. g4 Rh4 45. g5 Rxf4 46. Ra7 Bb6
47. Rxa6 Rf2+ 48. Kg3 Nf5+ 49. Kg4 Nd4+ 50. Kh4 Ne2 51. Rh1 Rf4+ 52. Kh5 Ng3+
53. Kh6 Nxh1 54. Rxb6 Rh4# 0-1

[Event "Gausdal Bygger'n Masters"]
[Site "Gausdal Høyfjellshotell"]
[Date "2005.10.01"]
[Round "1"]
[White "Bryn, Askild"]
[Black "Tallaksen, Geir Sune"]
[Result "0-1"]
[WhiteElo "2019"]
[BlackElo "2350"]
[PlyCount "40"]
[EventDate "2005.10.??"]
[EventType "tourn"]
[SourceDate "2005.10.01"]

1. e4 e5 2. Nf3 Nc6 3. Bc4 Nf6 4. d3 Be7 5. O-O O-O 6. c3 d6 7. b4 Kh8 8. Qb3
Qe8 9. a4 Bg4 10. Nbd2 Nh5 11. d4 f5 12. exf5 Bxf5 13. dxe5 dxe5 14. Bd5 Nf4
15. Ne1 Qg6 16. f3 Bh4 17. g4 h5 18. Kh1 hxg4 19. fxg4 Bxg4 20. Be4 Qh5 0-1

[Event "Gausdal Bygger'n Masters"]
[Site "Gausdal Høyfjellshotell"]
[Date "2005.10.01"]
[Round "1"]
[White "Aarland, Stein Arild"]
[Black "Astrup, Håkon"]
[Result "1-0"]
[WhiteElo "2278"]
[BlackElo "1943"]
[PlyCount "87"]
[EventDate "2005.10.??"]
[EventType "tourn"]
[SourceDate "2005.10.01"]

1. e4 c6 2. d4 d5 3. exd5 cxd5 4. c4 Nf6 5. Nc3 e6 6. Nf3 Nc6 7. Bd3 dxc4 8.
Bxc4 Bb4 9. O-O O-O 10. Bg5 h6 11. Be3 a6 12. Rc1 b5 13. Bd3 Bb7 14. Ne4 Rc8
15. Nc5 Bxc5 16. Rxc5 Nb4 17. Bb1 Nbd5 18. Rxc8 Qxc8 19. Ne5 Qc7 20. Qd2 Nxe3
21. fxe3 Be4 22. Rc1 Qb7 23. Bxe4 Qxe4 24. Qd3 Qb7 25. Qc2 Nd5 26. Kf2 Qe7 27.
Nf3 Nb6 28. Qc5 Qa7 29. Ne5 Qb7 30. Qc6 Rb8 31. Qxb7 Rxb7 32. Rc6 Nc4 33. Nd3
Rb6 34. Rc8+ Kh7 35. b3 Nd6 36. Rc7 Kg6 37. Ne5+ Kf5 38. Kf3 f6 39. g4+ Kg5 40.
Rxg7+ Kh4 41. Ng6+ Kh3 42. Rh7 Kxh2 43. Rxh6+ Kg1 44. Nf4 1-0

[Event "Gausdal Bygger'n Masters"]
[Site "Gausdal Høyfjellshotell"]
[Date "2005.10.01"]
[Round "1"]
[White "Thomassen, Joachim"]
[Black "Silseth, Simon"]
[Result "0-1"]
[WhiteElo "1963"]
[BlackElo "2328"]
[PlyCount "50"]
[EventDate "2005.10.??"]
[EventType "tourn"]
[SourceDate "2005.10.01"]

1. d4 f5 2. e4 fxe4 3. Nc3 Nf6 4. Bg5 Nc6 5. d5 Ne5 6. Qe2 Nf7 7. h4 d6 8.
O-O-O c6 9. Bxf6 gxf6 10. Nxe4 Bg7 11. Kb1 cxd5 12. Rxd5 f5 13. Ng5 Nxg5 14.
hxg5 Qb6 15. Rb5 Qc6 16. Rb4 Bd7 17. Qh5+ Kf8 18. Rhh4 a5 19. Rb3 a4 20. Rf3 e6
21. g4 Qe4 22. Re3 Qd4 23. Kc1 Qxb2+ 24. Kd2 Qb4+ 25. Kd1 Qb1+ 0-1

[Event "Gausdal Bygger'n Masters"]
[Site "Gausdal Høyfjellshotell"]
[Date "2005.10.01"]
[Round "1"]
[White "Hole, Øystein"]
[Black "Strand, Håkon"]
[Result "1-0"]
[WhiteElo "2336"]
[BlackElo "1986"]
[PlyCount "51"]
[EventDate "2005.10.??"]
[EventType "tourn"]
[SourceDate "2005.10.01"]

1. Nf3 f5 2. c4 Nf6 3. g3 g6 4. Bg2 Bg7 5. O-O O-O 6. Nc3 d6 7. d4 Qe8 8. d5 c6
9. Rb1 a5 10. a3 Na6 11. b4 axb4 12. axb4 Nxd5 13. cxd5 Bxc3 14. dxc6 Bxb4 15.
cxb7 Bxb7 16. Rxb4 Nxb4 17. Qb3+ Bd5 18. Qxb4 Ra4 19. Qd2 Bc4 20. Bb2 Qb8 21.
Ng5 Qb5 22. Qd4 Rf6 23. Rc1 e5 24. Qd2 Bf7 25. Nxf7 Kxf7 26. Bd5+ 1-0

[Event "Gausdal Bygger'n Masters"]
[Site "Gausdal Høyfjellshotell"]
[Date "2005.10.01"]
[Round "1"]
[White "Nordström, Felix"]
[Black "Carlsen, Ellen"]
[Result "1-0"]
[WhiteElo "2184"]
[BlackElo "1866"]
[PlyCount "85"]
[EventDate "2005.10.??"]
[EventType "tourn"]
[SourceDate "2005.10.01"]

1. d4 Nf6 2. c4 g6 3. Nc3 d5 4. Bf4 Bg7 5. e3 O-O 6. cxd5 Nxd5 7. Nxd5 Qxd5 8.
Bxc7 Nc6 9. Ne2 b6 10. Nc3 Qd7 11. Bf4 Bb7 12. Be2 Rfd8 13. O-O e5 14. dxe5 Qe7
15. Qc2 Nxe5 16. Rfd1 Rac8 17. Rxd8+ Rxd8 18. Rd1 Rxd1+ 19. Qxd1 h6 20. h3 Kh7
21. Bxe5 Bxe5 22. Bf3 Bc8 23. Bd5 Qg5 24. f4 Qg3 25. fxe5 Qxe3+ 26. Kh1 Qxe5
27. Bxf7 Qf6 28. Bd5 Qf2 29. Qe2 Qf6 30. Qf3 Qxf3 31. Bxf3 Be6 32. Kg1 Kg7 33.
Kf2 Kf6 34. Bd5 Bd7 35. Ke3 Ke5 36. Be4 g5 37. Ne2 Be6 38. a3 Bc4 39. Nd4 a6
40. Nc6+ Kd6 41. Kd4 Bb5 42. Ne5 Ke6 43. Nc4 1-0

[Event "Gausdal Bygger'n Masters"]
[Site "Gausdal Høyfjellshotell"]
[Date "2005.10.01"]
[Round "1"]
[White "Breivik, Lars"]
[Black "Hobber, Anders"]
[Result "0-1"]
[WhiteElo "2236"]
[BlackElo "1915"]
[PlyCount "68"]
[EventDate "2005.10.??"]
[EventType "tourn"]
[SourceDate "2005.10.01"]

1. d4 d5 2. Nf3 Nf6 3. e3 c6 4. c4 Bf5 5. cxd5 cxd5 6. Qb3 b6 7. Nc3 e6 8. Ne5
Bd6 9. Bb5+ Nfd7 10. Nxd7 Nxd7 11. Qa4 Qe7 12. Bd2 a5 13. Bc6 Rd8 14. Nb5 O-O
15. Nxd6 Qxd6 16. b4 e5 17. bxa5 exd4 18. Bxd7 Bxd7 19. Qxd4 Qg6 20. g3 Bb5 21.
axb6 Qh5 22. g4 Qg6 23. f3 f5 24. Rg1 fxg4 25. Qxg4 Qf6 26. Rc1 d4 27. Rc7 g6
28. Qh3 Rf7 29. e4 d3 30. Bc3 d2+ 31. Bxd2 Qa1+ 32. Rc1 Qd4 33. Rg2 Qxe4+ 34.
Kd1 Ba4+ 0-1

[Event "Gausdal Bygger'n Masters"]
[Site "Gausdal Høyfjellshotell"]
[Date "2005.10.01"]
[Round "1"]
[White "Myhrvold, Rune"]
[Black "Getz, Nicolai"]
[Result "1/2-1/2"]
[WhiteElo "2164"]
[BlackElo "1913"]
[PlyCount "66"]
[EventDate "2005.10.??"]
[EventType "tourn"]
[SourceDate "2005.10.01"]

1. e4 e6 2. d4 d5 3. e5 c5 4. c3 Nc6 5. Be3 Qb6 6. Qd2 cxd4 7. cxd4 Nge7 8. Nf3
Nf5 9. Nc3 Nxe3 10. fxe3 Be7 11. Bd3 Bd7 12. O-O O-O 13. Rac1 a6 14. Na4 Qb4
15. Nc5 Qxd2 16. Nxd2 Bxc5 17. Rxc5 b6 18. Rc3 Rfc8 19. Rfc1 Kf8 20. a3 Ke7 21.
Kf2 h6 22. Nf3 f5 23. exf6+ gxf6 24. e4 Kd6 25. Ke3 dxe4 26. Bxe4 Rab8 27. Nd2
Na7 28. Bf3 Rxc3+ 29. Rxc3 Nb5 30. Rc1 Ke7 31. Be2 Rb7 32. Bxb5 axb5 33. Ne4 f5
1/2-1/2

[Event "Gausdal Bygger'n Masters"]
[Site "Gausdal Høyfjellshotell"]
[Date "2005.10.01"]
[Round "1"]
[White "Aandal, Kristian"]
[Black "Fossum, Øystein Bøyum"]
[Result "0-1"]
[WhiteElo "1941"]
[BlackElo "2247"]
[PlyCount "110"]
[EventDate "2005.10.??"]
[EventType "tourn"]
[SourceDate "2005.10.01"]

1. d4 e6 2. Nf3 Nf6 3. c4 d5 4. Nc3 Be7 5. Bg5 h6 6. Bh4 O-O 7. e3 b6 8. cxd5
Nxd5 9. Bxe7 Qxe7 10. Nxd5 exd5 11. Rc1 Be6 12. Bd3 c5 13. O-O Nd7 14. Re1 Qd6
15. e4 dxe4 16. Bxe4 Rad8 17. Qa4 cxd4 18. Qxd4 Nc5 19. Qxd6 Rxd6 20. Bb1 Rfd8
21. b4 Nd3 22. Bxd3 Rxd3 23. a4 Ra3 24. Ra1 Ba2 25. a5 bxa5 26. bxa5 Rd5 27. h3
Rdxa5 28. Re8+ Kh7 29. Nd4 Bd5 30. Rxa3 Rxa3 31. Rd8 Ba2 32. Nb5 Ra5 33. Nc3
Be6 34. Kh2 Rc5 35. Ne4 Rc4 36. Nd2 Rc2 37. Kg3 a5 38. Nf3 a4 39. Nd4 Rc3+ 40.
Kf4 Ba2 41. Ra8 Rc4 42. Ke3 Bb1 43. g3 Rc3+ 44. Ke2 a3 45. Ra5 a2 46. Ra7 Rc4
47. Ke3 Rc7 48. Ra5 Rb7 49. Ke2 Rb2+ 50. Ke3 Bg6 51. Ne2 Bf5 52. Nc3 Be6 53.
Ra6 Rc2 54. Kd4 Rxf2 55. h4 Rg2 0-1

[Event "Gausdal Bygger'n Masters"]
[Site "Gausdal Høyfjellshotell"]
[Date "2005.10.01"]
[Round "1"]
[White "Reppen, Sigmund"]
[Black "Ferkingstad, Sjur"]
[Result "1/2-1/2"]
[WhiteElo "1916"]
[BlackElo "2239"]
[PlyCount "100"]
[EventDate "2005.10.??"]
[EventType "tourn"]
[SourceDate "2005.10.01"]

1. e4 e6 2. d4 d5 3. exd5 exd5 4. c4 c6 5. cxd5 cxd5 6. Nc3 Nf6 7. Bg5 Be7 8.
Nf3 O-O 9. Be2 Nc6 10. O-O Be6 11. Rc1 Ne4 12. Bxe7 Qxe7 13. Ne5 Nxe5 14. dxe5
Rad8 15. Qd4 b6 16. f4 g6 17. Bf3 Qc5 18. Rfd1 Qxd4+ 19. Rxd4 Nxc3 20. Rxc3 Rd7
21. Rcd3 Rc8 22. Rd2 Rc4 23. Rxc4 dxc4 24. Rxd7 Bxd7 25. Kf2 Kf8 26. Ke3 Ke7
27. Kd4 Be6 28. a4 Bd7 29. Bd1 b5 30. axb5 Bxb5 31. Kc3 Ke6 32. Be2 Kd5 33. b3
Ke4 34. g3 h5 35. bxc4 Be8 36. Kb4 Ke3 37. Bd1 Kd4 38. Bb3 h4 39. Ba2 hxg3 40.
hxg3 Ke3 41. Kc5 Bd7 42. Bb1 Be6 43. Kd6 Bxc4 44. f5 gxf5 45. Bxf5 a5 46. Bd7
Bb3 47. Kc5 Ke4 48. Be8 a4 49. Kb4 Kxe5 50. Bxf7 Bxf7 1/2-1/2

[Event "Gausdal Bygger'n Masters"]
[Site "Gausdal Høyfjellshotell"]
[Date "2005.10.01"]
[Round "1"]
[White "Seret, Jean Luc"]
[Black "Johansson, Per"]
[Result "1-0"]
[WhiteElo "2391"]
[BlackElo "2005"]
[PlyCount "89"]
[EventDate "2005.10.??"]
[EventType "tourn"]
[SourceDate "2005.10.01"]

1. e4 c6 2. d3 d5 3. Nd2 e5 4. Ngf3 Bd6 5. g3 Nf6 6. Bg2 O-O 7. O-O Bg4 8. h3
Bh5 9. b3 Nbd7 10. Bb2 Re8 11. Re1 a5 12. a3 b5 13. Qe2 Qc7 14. Qf1 Bg6 15. Nh4
d4 16. Nf5 Bxf5 17. exf5 Nb6 18. Ne4 Nbd5 19. Re2 Rac8 20. Rae1 Nxe4 21. Bxe4
Nf6 22. Qg2 Nxe4 23. Rxe4 c5 24. f4 f6 25. g4 Qd7 26. Bc1 c4 27. bxc4 bxc4 28.
Qe2 cxd3 29. cxd3 Red8 30. fxe5 Bxe5 31. Bf4 Bxf4 32. Rxf4 Qd6 33. Qf2 h6 34.
a4 Rc2 35. Qxc2 Qxf4 36. Qf2 Qd6 37. Qf3 Rc8 38. Re2 Kh7 39. Kg2 Rc3 40. h4 Qa3
41. g5 fxg5 42. hxg5 Qf8 43. g6+ Kh8 44. f6 Rc7 45. f7 1-0

[Event "Gausdal Bygger'n Masters"]
[Site "Gausdal Høyfjellshotell"]
[Date "2005.10.01"]
[Round "1"]
[White "Kvisla, Johannes"]
[Black "Hauchard, Arnaud"]
[Result "0-1"]
[WhiteElo "2123"]
[BlackElo "2483"]
[PlyCount "52"]
[EventDate "2005.10.??"]
[EventType "tourn"]
[SourceDate "2005.10.01"]

1. e4 c5 2. Nf3 d6 3. d4 cxd4 4. Nxd4 Nf6 5. Nc3 a6 6. Be3 e6 7. g3 b5 8. Bg2
Bb7 9. a3 Nbd7 10. O-O Rc8 11. f3 Ne5 12. Bf2 Nc4 13. Qe2 Be7 14. Nd1 O-O 15.
b3 Nb6 16. Ne3 Qc7 17. g4 d5 18. Bg3 Bd6 19. f4 Nxe4 20. Bxe4 dxe4 21. Rad1 Nd5
22. Nxd5 Bxd5 23. Nf5 Bxa3 24. Nxg7 Kxg7 25. f5 Qxc2 26. f6+ Kh8 0-1

[Event "Gausdal Bygger'n Masters"]
[Site "Gausdal Høyfjellshotell"]
[Date "2005.10.01"]
[Round "1"]
[White "Antic, Dejan"]
[Black "Vea, Odin Blikra"]
[Result "1-0"]
[WhiteElo "2519"]
[BlackElo "2090"]
[PlyCount "93"]
[EventDate "2005.10.??"]
[EventType "tourn"]
[SourceDate "2005.10.01"]

1. d4 d5 2. c4 Nc6 3. Nf3 Bg4 4. Nc3 Bxf3 5. exf3 e6 6. cxd5 exd5 7. Bb5 Nf6 8.
Qa4 Qd7 9. O-O Be7 10. Be3 O-O 11. Rfc1 a6 12. Bxc6 bxc6 13. Nd1 c5 14. Qxd7
Nxd7 15. dxc5 c6 16. Bd4 Rfe8 17. Ne3 Nf8 18. Nf5 Ne6 19. Be5 Bxc5 20. Bxg7
Nxg7 21. Nh6+ Kf8 22. Rxc5 Re6 23. Ng4 Rae8 24. Kf1 d4 25. f4 f6 26. f5 Rd6 27.
Rd1 Rb8 28. b3 Rb5 29. Rxb5 axb5 30. Ne3 Ke7 31. Nc2 Nxf5 32. g4 d3 33. Ne1 d2
34. Nf3 Nh6 35. h3 c5 36. Rxd2 Ra6 37. Rd5 Rc6 38. Rh5 Nf7 39. Rxh7 Ke6 40. Rh5
b4 41. Ke2 Nd6 42. Ke3 Nb5 43. Nd2 Nc3 44. Rf5 Nxa2 45. Ne4 c4 46. Rxf6+ Kd7
47. Rxc6 1-0

[Event "Gausdal Bygger'n Masters"]
[Site "Gausdal Høyfjellshotell"]
[Date "2005.10.01"]
[Round "1"]
[White "Brynell, Stellan"]
[Black "White, Kevin"]
[Result "1-0"]
[WhiteElo "2496"]
[BlackElo "2069"]
[PlyCount "62"]
[EventDate "2005.10.??"]
[EventType "tourn"]
[SourceDate "2005.10.01"]

1. d4 Nf6 2. c4 g6 3. Nc3 Bg7 4. e4 O-O 5. Nf3 d6 6. Be2 e5 7. O-O Nc6 8. d5
Ne7 9. Bg5 h6 10. Bxf6 Bxf6 11. b4 a5 12. a3 c6 13. dxc6 bxc6 14. Qd2 Bg7 15.
Rad1 axb4 16. axb4 Ra3 17. Qb2 Ra8 18. Qd2 Ra3 19. Ra1 Rxa1 20. Rxa1 Qc7 21.
Qe3 Re8 22. b5 Bb7 23. Nd2 d5 24. Qc5 Bf8 25. cxd5 Nf5 26. Qc4 Nd6 27. Qb3 cxd5
28. Nxd5 Bxd5 29. Qxd5 Qc3 30. Rb1 Rd8 31. Nf3 Ra8 1-0

[Event "Gausdal Bygger'n Masters"]
[Site "Gausdal Høyfjellshotell"]
[Date "2005.10.01"]
[Round "1"]
[White "Åkesson, Ralf"]
[Black "Pettersen, Joar Gullestad"]
[Result "1-0"]
[WhiteElo "2496"]
[BlackElo "2050"]
[PlyCount "63"]
[EventDate "2005.10.??"]
[EventType "tourn"]
[SourceDate "2005.10.01"]

1. Nf3 Nf6 2. c4 Nc6 3. d4 e6 4. Nc3 Bb4 5. Bg5 h6 6. Bh4 g5 7. Bg3 Ne4 8. Qc2
Bxc3+ 9. bxc3 Nxg3 10. hxg3 Qf6 11. e3 b6 12. Bd3 Bb7 13. g4 Na5 14. Be4 d6 15.
Bxb7 Nxb7 16. Qa4+ Kd8 17. c5 Na5 18. cxd6 cxd6 19. c4 Rc8 20. Rc1 Ke7 21. c5
dxc5 22. dxc5 Rhd8 23. O-O Kf8 24. cxb6 Rxc1 25. Rxc1 Qb2 26. Rc7 axb6 27. Qe4
Rd1+ 28. Kh2 Qf6 29. Ne5 Qxf2 30. Rxf7+ Qxf7 31. Nxf7 Kxf7 32. Qf3+ 1-0

[Event "Gausdal Bygger'n Masters"]
[Site "Gausdal Høyfjellshotell"]
[Date "2005.10.01"]
[Round "1"]
[White "Kulaots, Kaido"]
[Black "Bentsen, Håkon"]
[Result "1-0"]
[WhiteElo "2558"]
[BlackElo "2158"]
[PlyCount "74"]
[EventDate "2005.10.??"]
[EventType "tourn"]
[SourceDate "2005.10.01"]

1. e4 e5 2. Nf3 Nc6 3. Bb5 a6 4. Ba4 Nf6 5. O-O Nxe4 6. d4 b5 7. Bb3 d5 8. dxe5
Be6 9. Nbd2 Nc5 10. c3 d4 11. Bxe6 Nxe6 12. cxd4 Ncxd4 13. a4 Qd5 14. Nxd4 Nxd4
15. axb5 axb5 16. Rxa8+ Qxa8 17. Nb3 Ne6 18. f4 g6 19. Qd3 c6 20. Be3 Bh6 21.
Nd2 Qd8 22. Qc2 O-O 23. Ne4 Qa8 24. Qf2 Bg7 25. f5 gxf5 26. Qxf5 Qd8 27. h3 b4
28. Kh1 Qh4 29. Rf3 Kh8 30. Kh2 Qe7 31. Kg1 Qh4 32. b3 Rd8 33. Nd6 Qe1+ 34. Kh2
Rf8 35. Rg3 Kg8 36. Nxf7 Nd8 37. Nh6+ Kh8 1-0

[Event "Gausdal Bygger'n Masters"]
[Site "Gausdal Høyfjellshotell"]
[Date "2005.10.01"]
[Round "1"]
[White "Bjørgvik, Jan Arne"]
[Black "Burmakin, Vladimir"]
[Result "0-1"]
[WhiteElo "2119"]
[BlackElo "2508"]
[PlyCount "80"]
[EventDate "2005.10.??"]
[EventType "tourn"]
[SourceDate "2005.10.01"]

1. e4 c6 2. d4 d5 3. exd5 cxd5 4. Nf3 Nf6 5. Bb5+ Bd7 6. Bxd7+ Nbxd7 7. O-O e6
8. Re1 Be7 9. Nc3 O-O 10. a3 Rc8 11. Ne2 b5 12. c3 a5 13. Qd3 Qb6 14. Bg5 Rfe8
15. h3 h6 16. Be3 Ne4 17. Ne5 Ndf6 18. f3 Nd6 19. g4 Nc4 20. Nxc4 bxc4 21. Qd2
Qc7 22. Kg2 Rb8 23. h4 Rb6 24. g5 hxg5 25. hxg5 Nd7 26. Rh1 Reb8 27. Rab1 Nf8
28. Rh3 Ng6 29. b4 cxb3 30. Nf4 Bd6 31. Rbh1 b2 32. Nxg6 fxg6 33. Rh8+ Kf7 34.
Rxb8 Rxb8 35. Rb1 Rh8 36. f4 Bxa3 37. Qd3 Qc4 38. Qxc4 dxc4 39. Kg3 a4 40. Bd2
Rb8 0-1

[Event "Gausdal Bygger'n Masters"]
[Site "Gausdal Høyfjellshotell"]
[Date "2005.10.01"]
[Round "1"]
[White "Agdestein, Emil"]
[Black "Karlsson, Lars"]
[Result "0-1"]
[WhiteElo "2057"]
[BlackElo "2501"]
[PlyCount "54"]
[EventDate "2005.10.??"]
[EventType "tourn"]
[SourceDate "2005.10.01"]

1. e4 c5 2. Nc3 Nc6 3. f4 e6 4. Nf3 d5 5. Bb5 Nf6 6. d3 Be7 7. O-O O-O 8. Bxc6
bxc6 9. Qe1 a5 10. Ne5 Qc7 11. b3 Ba6 12. Bb2 c4 13. dxc4 Bb4 14. exd5 cxd5 15.
Qg3 dxc4 16. Rfd1 Rfd8 17. h3 Bf8 18. Kh1 Rac8 19. a3 cxb3 20. cxb3 Qb7 21.
Rxd8 Rxd8 22. Rd1 Rxd1+ 23. Nxd1 Qe4 24. Ng4 Nxg4 25. hxg4 Qc2 26. Qe1 Bb7 27.
Qf1 Qxb3 0-1

[Event "Gausdal Bygger'n Masters"]
[Site "Gausdal Høyfjellshotell"]
[Date "2005.10.01"]
[Round "1"]
[White "Dobrov, Vladimir"]
[Black "Harstad, Christian"]
[Result "1-0"]
[WhiteElo "2515"]
[BlackElo "2078"]
[PlyCount "51"]
[EventDate "2005.10.??"]
[EventType "tourn"]
[SourceDate "2005.10.01"]

1. d4 Nf6 2. c4 g6 3. Nc3 d5 4. cxd5 Nxd5 5. e4 Nxc3 6. bxc3 Bg7 7. Nf3 O-O 8.
Rb1 c5 9. Be2 cxd4 10. cxd4 Qa5+ 11. Bd2 Qxa2 12. O-O Bg4 13. Be3 b6 14. Ra1
Qe6 15. h3 Bxf3 16. Bxf3 a5 17. e5 Ra7 18. Qb1 Rc7 19. Qb5 h5 20. Bd5 Rc5 21.
dxc5 Qxd5 22. Rad1 Qc6 23. Qxc6 Nxc6 24. cxb6 Bxe5 25. Rc1 Nb8 26. b7 1-0